000
00315pam a2200121a 44500
008
230405s2011 xxu||||| |||| 00| 0 eng d
041
_a
ENG
100
_a
Sp Vyas and A Mehta
245
_a
Cell and Molecular Biology
260
_a
new delhi
_b
C.B.S Publishers & Distributers
_c
2011
300
_a
574
906
_a
9405
999
_c
299904
_d
299904